| 000 | 00892nam a22002655i 4500 | ||
|---|---|---|---|
| 001 | 176427 | ||
| 003 | ES-MaACL | ||
| 005 | 20250809151247.0 | ||
| 008 | 110114s1962 sp af |||| | spa d | ||
| 080 | _a27-242 | ||
| 100 | 0 |
_aParrot, André. _989273 |
|
| 245 | 1 | 3 |
_aEl diluvio y el arca de Noé / _cAndré Parrot ; traducción de José Ramón Bargas. |
| 250 | _a3ª ed. | ||
| 260 |
_aBarcelona : _bGarriga, _cD. L. 1962. |
||
| 300 |
_a71 p. , [3] h. de lám. : _bil. bl. y n. ; _c21 cm. |
||
| 490 | 1 |
_aCuadernos de Arqueología Bíblica ; _v1 |
|
| 500 | _aÍndices. | ||
| 504 | _aBibliografía: p. 68. | ||
| 650 | 7 |
_aArqueología bíblica _2embne _99981 |
|
| 650 | 4 |
_aArca de Noé. _9144761 |
|
| 700 | 1 |
_aBargas, José Ramón. _925634 |
|
| 830 | 0 |
_aCuadernos de Arqueología Bíblica ; _v1 _9190046 |
|
| 852 |
_aES-MaACL _jE-14057 _xOlim P-379-bis |
||
| 999 |
_c176427 _d176427 |
||